LIBRARY & INFORMATION CENTRE, KCAET, TAVANUR

ONLINE PUBLIC ACCESS CATALOGUE (OPAC)

A Textbook of Production Technology of Spices, Aromatic, Medicial and Plantation Crops (Record no. 15576)

MARC details
000 -LEADER
fixed length control field 00440nam a22001577a 4500
003 - CONTROL NUMBER IDENTIFIER
control field OSt
008 - FIXED-LENGTH DATA ELEMENTS--GENERAL INFORMATION
fixed length control field 190517b ||||| |||| 00| 0 eng d
020 ## - INTERNATIONAL STANDARD BOOK NUMBER
ISBN 9788177546125
082 ## - DEWEY DECIMAL CLASSIFICATION NUMBER
Classification number 633.8
Item number PRA/TE
100 ## - MAIN ENTRY--AUTHOR NAME
Personal name Prasad, S
245 ## - TITLE STATEMENT
Title A Textbook of Production Technology of Spices, Aromatic, Medicial and Plantation Crops
260 ## - PUBLICATION, DISTRIBUTION, ETC. (IMPRINT)
Place of publication Jodhpur
Name of publisher AGROBIOS
Year of publication 2016
300 ## - PHYSICAL DESCRIPTION
Number of Pages 258 p.
700 ## - ADDED ENTRY--PERSONAL NAME
Personal name Bhardwaj, Raju L
942 ## - ADDED ENTRY ELEMENTS (KOHA)
Koha item type Books
Holdings
Withdrawn status Lost status Damaged status Collection code Home library Current library Shelving location Date acquired Cost, normal purchase price Full call number Accession Number Koha item type
      Non-fiction KAUAET KAUAET General Stacks 17/05/2019 350.00 633.8 PRA/TE 25800 Books
      Non-fiction KAUAET KAUAET General Stacks 17/05/2019 350.00 633.8 PRA/TE 25801 Books
      Non-fiction KAUAET KAUAET General Stacks 17/05/2019 350.00 633.8 PRA/TE 25798 Books
free website counter